000
00232nam a22000857a 4500
008
161130b xxu||||| |||| 00| 0 eng d
100
_9
1606
_a
Sasikumar, V
245
_a
Reader-Teacher's Edition v
260
_a
New Delhi
_b
Orient Longman
_c
2007
999
_c
4321
_d
4321